000
00237 a2200097 4500
001
41815
100
_a
Harriman P L
245
_a
The New Dictionary of Psychology
260
_a
New York
_b
Philosophical Library
_c
090
_c
25925
_d
25925
942
_a
NUST-CAE
_c
M
_c
17697
999
_c
276888
_d
276888